Memoria de gestión 1997-1999

שמור ב:
מידע ביבליוגרפי
מחבר תאגידי: SENAME (Author)
פורמט: ספר
שפה:ספרדית
יצא לאור: Santiago Sename 2000
נושאים:
תגים: הוספת תג
אין תגיות, היה/י הראשונ/ה לתייג את הרשומה!

MARC

LEADER 00000nam a2200000 a 4500
001 UCO4348
003 CL-VaPUC
008 000804e20000000CL |||||||||||||||||spa|d
082 0 4 |a 362.73  |b SEN  |2 21 
110 2 |a SENAME  |e author  |9 448808 
245 1 0 |a Memoria de gestión 1997-1999 
300 |a 57 p 
942 |c BK 
945 |d 20000804 00:00:00  |a rbrito 
260 |a Santiago  |b Sename  |c 2000 
650 7 |a CUIDADO DE NIÑOS  |2 CL-VaPUC  |9 448809 
650 7 |a BIENESTAR DE LA INFANCIA  |2 CL-VaPUC  |9 448810 
650 0 |a Derechos del niño  |9 258728 
650 0 |a Problemas sociales  |9 258537 
583 |a last modification  |c 20161005 05:11:38  |k Rodrigo Vera 
999 |c 290402  |d 290400 
952 |0 0  |1 0  |4 0  |6 362_730000000000000_SEN_2000  |7 0  |8 P  |9 339783  |a BIBEDU  |b BIBEDU  |c BIBEDU_PB  |d 2019-11-20  |i 3637247  |o 362.73 SEN 2000  |p 3637247  |r 2024-01-25  |w 2019-11-20  |y BK  |k EPE